| 000 | 01058cam a22002655a 4500 | ||
|---|---|---|---|
| 001 | 013741559 | ||
| 003 | OSt | ||
| 005 | 20160124115002.0 | ||
| 008 | 070502s2007 enka frb 100 0 eng d | ||
| 020 | _a9781850971054 | ||
| 020 | _a1850971056 | ||
| 040 |
_aStDuBDS _beng _cStDuBDS _dUk _dEG-ScBUE |
||
| 082 | 0 | 4 |
_a617.67 _222 _bMIN |
| 245 | 0 | 0 |
_aMinimally invasive dentistry : _bthe management of caries / _ceditor Nairn H. F. Wilson. |
| 260 |
_aLondon : _bQuintessence Publishing, _cc.2007. |
||
| 300 |
_axiii, 153 p. : _bill. (some col.) ; _c25 cm. |
||
| 500 | _aSelected conference papers from the last two ConsEuro meetings of the European Federation of Conservative Dentistry held in Munich, 2003, and Rome, 2006. | ||
| 504 | _aIncludes bibliographical references. | ||
| 650 | 7 |
_aDentistry, Operative _vCongresses. _2BUEsh _939148 |
|
| 650 | 7 |
_aDental caries _vCongresses. _2BUEsh _939149 |
|
| 653 |
_bDDent _cJune2015 _cJanuary2016 |
||
| 700 | 1 |
_aWilson, Nairn H. F., _eeditor. |
|
| 710 | 2 | _aEuropean Federation of Conservative Dentistry. | |
| 942 | _2ddc | ||
| 999 |
_c20080 _d20052 |
||